00557nam a2200145 a 4500020001500000040000800015082002600023245018100049260005500230300002600285650002400311700002100335700002000356710003500376 a4258540129 cDLC00a338 IDE 1992 C141 Or.00aIndochina economic reconstruction and international cooperation :bpapers and proceedings of a symposium held at the Institute of Developing Economies on November 13-14, 1991 / aTokyo :bInstitute of Developing Economies,c1992. avii, 152 p. ;c26 cm. 0aEconomic assistance1 aMurano, Tsutomu.1 aTakeuchi, Ikuo.2 aAjia Keizai Kenkyūjo (Japan)